00531nam a22001577a 450000500170000001000150001702000260003203500140005803700090007208200080008110000180008924501140010726000340022127000970025530000210035220220131112926.0 aENG-131331 a9789352666829c325.00 aEN-114863 bDBAD a355 aRamaswamy, B. aInternal Security/bIssues, Challenges, Threats & Linkages:cB. Ramaswamy, Sasikala Pushpa, Victoriya A. Mary aNew DelhibPrabhat Examc2018 bNew Delhia4/19, Asaf Ali Roade110002k23289555, 23289666, 23289777mprabhatbooks@gmail.com a278p.c24cm(pbk)